• 首页
  • 本馆介绍
  • 公告通知
  • 最新文献
  • 馆藏检索
  • 电子资源
  • 读者导购
  • 参考咨询
  • 我的图书馆
  • 登录
  • 详细信息显示
  • 放入我的书架
  • 预约/预借图书
  • 作者相关作品
  • 分类相关作品
  • 丛书相关作品
  • 出版社相关作品

书目信息

  • 表格格式
  • 工作单格式
  • 卡片格式
题名:
国民海洋意识研究
    
 
作者: 高建平 著
分册:  
出版信息: 北京   海洋出版社  2017.07
页数: 225页
开本: 26cm
丛书名:
单 册:
中图分类: P74
科图分类:
主题词: 海洋资源--国土资源--研究--中国
电子资源:
ISBN: 978-7-5027-9826-0
000 01123nam0 2200241 450
001 5041
005 20181014083003.83
010    @a978-7-5027-9826-0@dCNY78.00
100    @a20171018d2017 em y0chiy50 ea
101 0  @achi
102    @aCN@b110000
105    @ay z 000yy
200 1  @a国民海洋意识研究@9guo min hai yang yi shi yan jiu@f高建平著
210    @a北京@c海洋出版社@d2017.07
215    @a225页@d26cm
300    @a本书系2014年度教育部人文社会科学研究规划基金项目 由浙江海洋大学著作出版基金资助出版
314    @a高建平 (1959-),现为浙江海洋大学马克思主义学院教授,浙江省中国特色社会主义理论体系研究中心浙江海洋大学研究基地首席专家。著有《高校德育工作辩证论》、《国民海洋观》等著作。
330    @a本书从“海洋意识教育”和“海洋强国战略”等教学体验入手,结合对海洋意识教育、海洋文化与生态、海洋意识与媒体、海洋经济贸易与政策、海洋军事与台海问题、舟山群岛新区发展战略等问题的思考和研究,形成了独具特色的对现代海洋意识研究的理论体系。
606 0  @a海洋资源@x国土资源@x研究@y中国
690    @aP74@v5
701  0 @a高建平@9gao jian ping@f(1959-)@4著
801  0 @aCN@b91MARC@c20171018
905    @aMuseLib@dP74@e102
    
    国民海洋意识研究/高建平著.-北京:海洋出版社,2017.07
    225页;26cm
    本书系2014年度教育部人文社会科学研究规划基金项目 由浙江海洋大学著作出版基金资助出版
    
    ISBN 978-7-5027-9826-0:CNY78.00
    本书从“海洋意识教育”和“海洋强国战略”等教学体验入手,结合对海洋意识教育、海洋文化与生态、海洋意识与媒体、海洋经济贸易与政策、海洋军事与台海问题、舟山群岛新区发展战略等问题的思考和研究,形成了独具特色的对现代海洋意识研究的理论体系。
●
相关链接 在E读中查询图书 在五车中查询图书 在当当中查询图书 在豆瓣中查询图书


正题名:国民海洋意识研究     索取号:P74/102         预约/预借

序号 登录号 条形码 馆藏地/架位号 状态 备注
1 1124636   211246365   第二样本阅览室/ [索取号:P74/102] 在馆    
2 1124637   211246374   第三借阅区/ [索取号:P74/102] 在馆    
3 1124638   211246383   第三借阅区/ [索取号:P74/102] 在馆    
4 1124639   211246392   第三借阅区/ [索取号:P74/102] 在馆    
5 1124640   211246409   密集书库-资源管理系/ [索取号:P74/102] 在馆    
唐山师范学院图书馆 欢迎您!
大连网信软件有限公司© 版权所有